[Event "Ukraine Men`s Final - 2015					"]
[Site "Lviv"]
[Date "2015.12.03"]
[Round "1.1"]
[White "Kovchan, Alexander"]
[Black "Zubarev, Alexander"]
[Result "1-0"]
[WhiteElo "2583"]
[BlackElo "2548"]
[PlyCount "81"]
[EventDate "2015.12.03"]

1. e4 g6 2. d4 Bg7 3. Nc3 a6 4. a4 d6 5. Nf3 Nf6 6. Be2 O-O 7. O-O e6 8. h3 Nc6
9. Be3 Re8 10. e5 Nd5 11. Nxd5 exd5 12. Bg5 Qd7 13. exd6 Qxd6 14. c3 f6 15. Bh4
Be6 16. Bg3 Qd7 17. Ne1 b6 18. Nd3 Ne7 19. a5 Nf5 20. Bh2 Bf8 21. axb6 cxb6 22.
Nf4 Bd6 23. Nxe6 Bxh2+ 24. Kxh2 Rxe6 25. Bxa6 Nd6 26. Bb5 Qb7 27. Qb3 Nxb5 28.
Rxa8+ Qxa8 29. Qxb5 Qd8 30. Ra1 h5 31. g3 h4 32. gxh4 Kg7 33. Ra7+ Kh6 34. Kg2
Rd6 35. Qa4 Re6 36. Ra8 Qe7 37. Rh8+ Kg7 38. Qa8 Qf7 39. Rd8 Re2 40. Qc6 Kh6
41. Qd6 1-0

[Event "Ukraine Men`s Final - 2015					"]
[Site "Lviv"]
[Date "2015.12.03"]
[Round "1.2"]
[White "Efimenko, Zahar"]
[Black "Neverov, Valeriy"]
[Result "1-0"]
[WhiteElo "2647"]
[BlackElo "2516"]
[PlyCount "103"]
[EventDate "2015.12.03"]

1. e4 c5 2. Nf3 e6 3. d4 cxd4 4. Nxd4 a6 5. Bd3 Nc6 6. Nxc6 bxc6 7. O-O d5 8.
c4 Nf6 9. Qa4 Bd7 10. e5 Ng8 11. Nd2 Ne7 12. Nf3 Ng6 13. Bg5 Be7 14. Bxe7 Qxe7
15. Rfe1 O-O 16. Rac1 c5 17. Qa3 Rfc8 18. h3 Bc6 19. cxd5 Bxd5 20. Be4 c4 21.
Qe3 Qc5 22. Bxd5 Qxe3 23. Rxe3 exd5 24. g3 Rab8 25. b3 cxb3 26. Rxc8+ Rxc8 27.
Rxb3 h6 28. h4 Re8 29. Re3 d4 30. Nxd4 Rxe5 31. Ra3 a5 32. Nb3 Re1+ 33. Kg2 Ne5
34. Rxa5 h5 35. Ra8+ Kh7 36. Re8 Kg6 37. f4 Nd3 38. Rxe1 Nxe1+ 39. Kf2 Nd3+ 40.
Ke2 Nb2 41. Nd4 Kf6 42. Kd2 Na4 43. Kd3 Nb6 44. Kc3 g6 45. Kb4 Nd5+ 46. Kc4
Ne3+ 47. Kc5 Ke7 48. Nc6+ Ke6 49. a4 f6 50. a5 Kd7 51. a6 Kc7 52. Ne7 1-0

[Event "Ukraine Men`s Final - 2015					"]
[Site "Lviv"]
[Date "2015.12.03"]
[Round "1.3"]
[White "Areshchenko, Alexander"]
[Black "Fedorchuk, Sergey A"]
[Result "1-0"]
[WhiteElo "2677"]
[BlackElo "2641"]
[PlyCount "73"]
[EventDate "2015.12.03"]

1. e4 e5 2. Nf3 Nc6 3. d4 exd4 4. Nxd4 Bc5 5. Nb3 Bb6 6. Nc3 d6 7. Qe2 Be6 8.
Be3 Nf6 9. O-O-O O-O 10. f3 Re8 11. Kb1 Nd7 12. g4 a5 13. a4 Qe7 14. h4 Bxe3
15. Qxe3 Bxb3 16. cxb3 Nb4 17. g5 Nb6 18. h5 f5 19. gxf6 Qxf6 20. h6 g6 21. Nb5
Qf7 22. Rc1 Re7 23. Nxd6 cxd6 24. Qxb6 Qxf3 25. Bc4+ Kh8 26. Qd4+ Re5 27. Rce1
Nc6 28. Qxd6 Rd8 29. Qxd8+ Nxd8 30. Rhf1 Qxf1 31. Rxf1 Re8 32. Bd5 Nc6 33. Rf7
Ne7 34. Bxb7 Ng8 35. b4 Nxh6 36. Rc7 Re5 37. Bd5 {time black zero} 1-0

[Event "Ukraine Men`s Final - 2015					"]
[Site "Lviv"]
[Date "2015.12.03"]
[Round "1.4"]
[White "Kuzubov, Yuriy"]
[Black "Sivuk, Vitaly"]
[Result "1-0"]
[WhiteElo "2640"]
[BlackElo "2552"]
[PlyCount "345"]
[EventDate "2015.12.03"]

1. d4 Nf6 2. c4 e6 3. g3 d5 4. Nf3 Bb4+ 5. Bd2 Be7 6. Bg2 O-O 7. O-O c6 8. Bf4
dxc4 9. Ne5 Nd5 10. Nxc4 Nxf4 11. gxf4 Nd7 12. Nc3 Nb6 13. Ne5 Nd5 14. e3 f6
15. Nd3 Bd6 16. Ne4 Bc7 17. Rc1 Qe7 18. Ng3 Kh8 19. Rc4 Rb8 20. b4 Bd7 21. Qd2
f5 22. Bxd5 exd5 23. Rc2 Bd6 24. Rb1 Rf6 25. Ne5 Rg8 26. Nf3 h6 27. h4 g6 28.
Kg2 Rff8 29. Qd3 a6 30. a3 Rg7 $11 31. Rcc1 Kg8 32. Ne5 Qe6 33. Rh1 Be8 34. Nf3
Be7 35. Rbg1 Bd6 36. Ne5 Kh8 37. Qd2 Qe7 38. Ne2 Kg8 39. Rc1 Qd8 40. Nf3 Qe7
41. Rh3 Kh8 42. Ne5 Qe6 43. Ng1 Qe7 44. Ngf3 Kg8 45. Rg3 Kh8 46. Qc2 Qf6 47.
Rg1 Rfg8 48. Qb1 Qf8 49. Kh2 Qf6 50. Qf1 Be7 51. Qh3 Kh7 52. Nd3 Bd8 53. Nc5
Kh8 54. Qf1 Qe7 55. a4 Qf6 56. Qh3 Bb6 57. Ne5 Kh7 58. Rg5 h5 59. Rb1 Bd8 60.
Nf3 Kh8 61. Rgg1 Re7 62. Nd3 Bc7 63. Nde5 Bd6 64. Rgc1 Rc7 65. Qf1 Qe7 66. Qe1
Rg7 67. Ng5 Qf6 68. Qc3 Rge7 69. Qb3 Qg7 70. Rc2 Qg8 71. Rbc1 Kg7 72. Nd3 Kh8
73. Rb1 Kg7 74. Nc1 Kh6 75. Ne2 b6 76. Qd3 Ra7 77. Ng1 Bd7 78. N1f3 Qa8 79. Ne5
Be8 80. Rbc1 Rac7 81. Qd2 Qb7 82. Ngf3 Rc8 83. Nd3 Rec7 84. Nfe5 Ra8 85. a5 b5
86. Rc3 Qc8 87. Kg2 Qd8 88. Kg3 Qf6 89. Nc5 Be7 90. Rh1 Bd6 91. Rcc1 Raa7 92.
Kf3 Kh7 93. Qc2 Kh6 94. Rcg1 Rg7 95. Rg5 Kh7 96. Ke2 Kh6 97. Kd1 Kh7 98. Kc1
Kh6 99. Kb2 Kh7 100. Nf3 Kg8 101. Nd3 Rac7 102. Kb3 Kh8 103. Rhg1 Kh7 104. Nc5
Ra7 105. R5g3 Kh8 106. Ng5 Rge7 107. Rc1 Ra8 108. Qd2 Raa7 109. Rgg1 Ra8 110.
Rc3 Raa7 111. Rgc1 Ra8 112. R1c2 Rc7 113. Qc1 Qe7 114. Nf3 Kg7 115. Qh1 Kh8
116. Ne5 Qf6 117. f3 Be7 118. Rh2 Bf8 119. Rc1 Bh6 120. Rg2 Bf8 121. Qg1 Rg7
122. Qf2 Raa7 123. Rg5 Be7 124. Rcg1 Qd6 125. Qg3 Bxg5 126. fxg5 Kg8 127. Qf4
Rge7 128. Kc3 Ra8 129. Rf1 Bf7 130. Ncd3 Rd8 131. Nc5 Ra8 132. Kd2 Kg7 133. Ke2
Raa7 134. Kf2 Re8 135. Kg3 Bg8 136. Rc1 Rc8 137. Ncd3 Re7 138. Kf2 Rec7 139.
Nc5 Ra7 140. Ned3 Qxf4 141. Nxf4 Bf7 142. Ncd3 Rd7 143. Ke2 Kf8 144. Nc5 Ra7
145. Kd2 Kg7 146. Nfd3 Be8 147. Ne5 Kf8 148. Ne6+ Kg8 149. Nf4 Kg7 150. Nxd5
Rb7 151. Rc5 Rd8 152. Nf4 Rd6 153. Ned3 Re7 154. Re5 Rxe5 155. dxe5 Rd7 156.
Ne6+ Kf7 157. Nd4 Rd5 158. f4 Rd8 159. Nc5 Ra8 160. e4 fxe4 161. Ke3 Ke7 162.
Kxe4 Ra7 163. e6 Ra8 164. f5 gxf5+ 165. Nxf5+ Kf8 166. Ke5 Bg6 167. Nd4 Kg7
168. e7 Be8 169. Nde6+ Kf7 170. Kd6 Kg6 171. Nc7 Rc8 172. Nxe8 Rxe8 173. Ne6
1-0

[Event "Ukraine Men`s Final - 2015					"]
[Site "Lviv"]
[Date "2015.12.03"]
[Round "1.6"]
[White "Kryvoruchko, Yuriy"]
[Black "Kravtsiv, Martyn"]
[Result "1/2-1/2"]
[WhiteElo "2711"]
[BlackElo "2623"]
[PlyCount "56"]
[EventDate "2015.12.03"]

1. d4 d5 2. c4 e6 3. Nc3 Nf6 4. cxd5 exd5 5. Bg5 Be7 6. e3 c6 7. Qc2 Nbd7 8.
Bd3 O-O 9. Nge2 Re8 10. f3 c5 11. O-O h6 12. Bh4 Nf8 13. Rad1 c4 14. Bf5 Bxf5
15. Qxf5 Qd7 16. Qxd7 N8xd7 17. Bxf6 Nxf6 18. e4 dxe4 19. fxe4 Rad8 20. Nf4 Bb4
21. e5 Bxc3 22. bxc3 Ne4 23. Rc1 f6 24. Rfe1 fxe5 25. Rxe4 $11 exf4 26. Rxf4
Re3 27. Rf3 Rde8 28. Rb1 Rxf3 1/2-1/2

[Event "Ukraine Men`s Final - 2015					"]
[Site "Lviv"]
[Date "2015.12.04"]
[Round "2.1"]
[White "Zubarev, Alexander"]
[Black "Kravtsiv, Martyn"]
[Result "1/2-1/2"]
[WhiteElo "2548"]
[BlackElo "2623"]
[PlyCount "131"]
[EventDate "2015.12.03"]

1. c4 e6 2. Nf3 Nf6 3. g3 d5 4. Bg2 d4 5. O-O c5 6. b4 cxb4 7. a3 Nc6 8. d3
bxa3 9. Qa4 Bd7 10. Bxa3 Be7 11. Qb5 Rb8 12. Ne5 a6 13. Bxe7 Qxe7 14. Qb6 Nxe5
15. Qc7 Nc6 16. Bxc6 Qd8 17. Qxd8+ Kxd8 18. Bg2 Kc7 19. Nd2 Bc6 20. Bxc6 Kxc6
21. Nf3 Kc7 22. Nxd4 Nd7 $11 23. Ra5 Rhc8 24. c5 Kd8 25. c6 bxc6 26. Rxa6 Rb6
27. Ra2 c5 28. Nf3 Rcb8 29. Rc1 Rb2 30. Rc2 Rxc2 31. Rxc2 Ke7 32. Nd2 Ra8 33.
Rb2 Ra7 34. Nc4 Nf6 35. f4 Nd5 36. Kf2 Nb4 37. g4 f6 38. h4 Kd7 39. Rb1 Kc6 40.
Kf3 Ra2 41. h5 Kc7 42. h6 g6 43. g5 fxg5 44. fxg5 Nc6 45. e3 Nb4 46. Ne5 Kd6
47. Ke4 Rh2 48. Nc4+ Ke7 49. d4 Rg2 50. Ne5 Kd6 51. Nf7+ Ke7 52. Kf3 Rc2 53.
Ne5 Kd6 54. Ng4 Nd5 55. dxc5+ Rxc5 56. Rb7 Nc3 57. e4 Rxg5 58. Nf6 Ke5 59. Nxh7
Rh5 60. Nf8 Rxh6 61. Nd7+ Kd6 62. Nf8 g5 63. Rf7 Rh4 64. e5+ Kd5 65. Rd7+ Kxe5
66. Ng6+ $11 1/2-1/2

[Event "Ukraine Men`s Final - 2015					"]
[Site "Lviv"]
[Date "2015.12.04"]
[Round "2.2"]
[White "Volokitin, Andrei"]
[Black "Kryvoruchko, Yuriy"]
[Result "1/2-1/2"]
[WhiteElo "2628"]
[BlackElo "2711"]
[PlyCount "52"]
[EventDate "2015.12.03"]

1. e4 e5 2. Nf3 Nc6 3. Bb5 Nf6 4. O-O Nxe4 5. d4 Nd6 6. Bxc6 dxc6 7. dxe5 Nf5
8. Qxd8+ Kxd8 9. Rd1+ Ke8 10. Nc3 Ne7 11. h3 Ng6 12. b3 Be7 13. Ne4 b6 14. Re1
Kf8 15. Bb2 c5 16. Rad1 Nf4 17. Nd6 Ba6 18. Nf5 Ne6 19. Nd2 g6 20. Nxe7 Kxe7
21. Ne4 Rad8 22. Nf6 Bb7 23. f3 h5 24. h4 Nd4 25. Bxd4 cxd4 26. Kf2 c5 1/2-1/2

[Event "Ukraine Men`s Final - 2015					"]
[Site "Lviv"]
[Date "2015.12.04"]
[Round "2.4"]
[White "Fedorchuk, Sergey A"]
[Black "Kuzubov, Yuriy"]
[Result "0-1"]
[WhiteElo "2641"]
[BlackElo "2640"]
[PlyCount "68"]
[EventDate "2015.12.03"]

1. e4 e5 2. Nf3 Nf6 3. Nxe5 d6 4. Nf3 Nxe4 5. Nc3 Nxc3 6. dxc3 Be7 7. Be3 O-O
8. Qd2 Nd7 9. O-O-O c6 10. Kb1 d5 11. h4 Nf6 12. Ng5 Ne4 13. Qe1 Bf5 14. Bd3
Nd6 15. Be2 h6 16. g4 hxg5 17. hxg5 Bg6 18. f4 f5 19. gxf6 Bxf6 20. f5 Re8 21.
Qg1 Rxe3 22. Qxe3 Bf7 23. Rh2 Ne4 24. Rdh1 Kf8 25. c4 Qe7 26. Ka1 Bg8 27. cxd5
cxd5 28. Rh8 Rc8 29. Qb3 g5 30. R8h6 Rc6 31. Qe3 Bxb2+ 32. Kxb2 Qe5+ 33. c3
Rxc3 34. Qxa7 Rc4+ 0-1

[Event "Ukraine Men`s Final - 2015					"]
[Site "Lviv"]
[Date "2015.12.04"]
[Round "2.5"]
[White "Neverov, Valeriy"]
[Black "Areshchenko, Alexander"]
[Result "1/2-1/2"]
[WhiteElo "2516"]
[BlackElo "2677"]
[PlyCount "42"]
[EventDate "2015.12.03"]

1. Nf3 c5 2. g3 g6 3. Bg2 Bg7 4. O-O Nc6 5. Nc3 d6 6. d3 e6 7. Bd2 Rb8 8. a3
Nge7 9. Rb1 b5 10. b4 cxb4 11. axb4 O-O 12. e4 Qc7 13. Ne2 Bd7 14. d4 Nc8 15.
Qc1 Nb6 16. Bh6 e5 17. Rd1 Rfe8 18. Bxg7 Kxg7 19. h3 Rbc8 20. Qb2 Kg8 21. Qa1
Na4 1/2-1/2

[Event "Ukraine Men`s Final - 2015					"]
[Site "Lviv"]
[Date "2015.12.04"]
[Round "2.6"]
[White "Kovchan, Alexander"]
[Black "Efimenko, Zahar"]
[Result "1-0"]
[WhiteElo "2583"]
[BlackElo "2647"]
[PlyCount "79"]
[EventDate "2015.12.03"]

1. e4 c5 2. Nf3 e6 3. d4 cxd4 4. Nxd4 Nc6 5. Nc3 d6 6. Be2 Nf6 7. O-O Be7 8.
Be3 O-O 9. f4 Bd7 10. Kh1 Nxd4 11. Bxd4 Bc6 12. Qd3 b5 13. a3 Qb8 14. Bf3 e5
15. Be3 Re8 16. Nd5 Bxd5 17. exd5 Bd8 18. fxe5 dxe5 19. Be2 a6 20. d6 e4 21.
Qd4 Qb7 22. c4 bxc4 23. Bxc4 Rb8 24. Qd1 Qd7 25. b4 a5 26. Bb3 Rf8 27. Bc5 Bb6
28. Ba4 Qa7 29. Qd4 Rfd8 30. h3 h6 31. Rfe1 Qb7 32. Rad1 axb4 33. axb4 Qa6 34.
Bc2 Qb5 35. Bxe4 Nd7 36. Rc1 Qa4 37. Bc2 Qa3 38. Qd3 Qxd3 39. Bxd3 g6 40. Re7 {
time black zero} 1-0

[Event "Ukraine Men`s Final - 2015					"]
[Site "Lviv"]
[Date "2015.12.05"]
[Round "3.1"]
[White "Efimenko, Zahar"]
[Black "Zubarev, Alexander"]
[Result "1-0"]
[WhiteElo "2647"]
[BlackElo "2548"]
[PlyCount "53"]
[EventDate "2015.12.03"]

1. e4 d6 2. d4 Nf6 3. Nc3 g6 4. f4 Bg7 5. Nf3 O-O 6. e5 Nfd7 7. Bc4 c5 8. e6
Nb6 9. exf7+ Kh8 10. Bd3 c4 11. Be2 Rxf7 12. O-O Rf8 13. a4 a5 14. d5 N8d7 15.
Be3 Bxc3 16. bxc3 Nf6 17. Bd4 Qc7 18. Qe1 Nbxd5 19. Qh4 Kg8 20. Nd2 b6 21. Rae1
Ba6 22. Bf3 Rae8 23. f5 Bc8 24. Qh6 Bb7 25. Re6 gxf5 26. Bxd5 Bxd5 27. Rxf5 1-0

[Event "Ukraine Men`s Final - 2015					"]
[Site "Lviv"]
[Date "2015.12.05"]
[Round "3.2"]
[White "Areshchenko, Alexander"]
[Black "Kovchan, Alexander"]
[Result "1/2-1/2"]
[WhiteElo "2677"]
[BlackElo "2583"]
[PlyCount "45"]
[EventDate "2015.12.03"]

1. e4 c5 2. Nf3 d6 3. d4 cxd4 4. Nxd4 Nf6 5. Nc3 a6 6. h3 e5 7. Nde2 Nbd7 8. g4
h6 9. Bg2 b5 10. a3 Bb7 11. O-O Rc8 12. Ng3 Qc7 13. Be3 Nb6 14. Re1 Nc4 15. Bc1
g6 16. Qd3 Be7 17. Nge2 Nd7 18. Nd5 Bxd5 19. exd5 Bg5 20. Bxg5 hxg5 21. b3 Ncb6
22. Qe3 Qxc2 23. Rec1 $11 1/2-1/2

[Event "Ukraine Men`s Final - 2015					"]
[Site "Lviv"]
[Date "2015.12.05"]
[Round "3.3"]
[White "Kuzubov, Yuriy"]
[Black "Neverov, Valeriy"]
[Result "1-0"]
[WhiteElo "2640"]
[BlackElo "2516"]
[PlyCount "145"]
[EventDate "2015.12.03"]

1. c4 Nf6 2. d4 g6 3. Nc3 d5 4. cxd5 Nxd5 5. Bd2 Bg7 6. e4 Nb6 7. Be3 O-O 8.
Bb5 c6 9. Be2 e5 10. Nf3 exd4 11. Nxd4 Qe7 12. Qc2 N8d7 13. O-O Re8 14. Rad1
Nf6 15. f3 Nfd5 16. Bf2 Nf4 17. Rfe1 Qg5 18. Bg3 h5 19. Bf1 h4 20. Bxf4 Qxf4
21. Qd2 Qd6 22. Qf2 Qc5 23. Nb3 Qxf2+ 24. Kxf2 a5 25. Nd4 a4 26. a3 Ra5 27. f4
g5 28. g3 hxg3+ 29. hxg3 gxf4 30. gxf4 Rh5 31. Nf3 Be6 32. e5 Kf8 33. Rd4 Nd5
34. Nxd5 Bxd5 35. Bc4 Bxc4 36. Rxc4 f6 37. Rxa4 fxe5 38. fxe5 Rf5 39. Rae4 Ke7
40. Rg1 Bh6 41. Rb4 b5 42. Rg6 Ref8 43. Rxh6 Rxf3+ 44. Ke1 Re3+ 45. Kd2 Rxe5
46. Rxc6 Rd5+ 47. Kc2 Kd7 48. Rh6 Rf2+ 49. Kb3 Rf3+ 50. Ka2 Rff5 51. Rg4 Rd6
52. Rg7+ Kc6 53. Rh8 Kb6 54. Rb8+ Ka6 55. Ra8+ Kb6 56. Rga7 Kc5 57. Rb7 Rb6 58.
Rc8+ Rc6 59. Rcb8 Kc4 60. Rh8 Rcc5 61. Rh4+ Kd3 62. Kb3 Rf2 63. Rd7+ Ke3 64.
Re7+ Kd3 65. Rd7+ Ke3 66. Rh8 Re5 67. Rh3+ Ke4 68. Rhd3 Re2 69. R7d4+ Kf5 70.
Rd5 Ke6 71. Rxe5+ Rxe5 72. Kb4 Ke7 73. Ka5 1-0

[Event "Ukraine Men`s Final - 2015					"]
[Site "Lviv"]
[Date "2015.12.05"]
[Round "3.5"]
[White "Kryvoruchko, Yuriy"]
[Black "Sivuk, Vitaly"]
[Result "1/2-1/2"]
[WhiteElo "2711"]
[BlackElo "2552"]
[PlyCount "71"]
[EventDate "2015.12.03"]

1. e4 e6 2. d4 d5 3. Nc3 dxe4 4. Nxe4 Nd7 5. Nf3 Ngf6 6. Nxf6+ Nxf6 7. c3 Be7
8. Bd3 O-O 9. O-O b6 10. Qe2 Bb7 11. Bf4 c5 12. dxc5 bxc5 13. Rad1 Qb6 14. Ne5
Rfd8 15. Rfe1 Bd5 16. a3 a5 17. Bg3 Qb7 18. f4 Bb3 19. Bc2 Bxc2 20. Qxc2 g6 21.
Bf2 Rab8 22. Re2 Rd5 23. Rxd5 exd5 24. c4 d4 25. Bh4 Kg7 26. Bxf6+ Bxf6 27. Nd3
Qc6 28. a4 Re8 29. Rxe8 Qxe8 30. Kf1 Qc6 31. b3 h5 32. Ke1 Be7 33. Qe2 Bd6 34.
Kd2 f5 35. h4 Qe4 36. g3 1/2-1/2

[Event "Ukraine Men`s Final - 2015					"]
[Site "Lviv"]
[Date "2015.12.05"]
[Round "3.6"]
[White "Kravtsiv, Martyn"]
[Black "Volokitin, Andrei"]
[Result "1/2-1/2"]
[WhiteElo "2623"]
[BlackElo "2628"]
[PlyCount "33"]
[EventDate "2015.12.03"]

1. e4 c5 2. Nf3 e6 3. d4 cxd4 4. Nxd4 Nc6 5. Nc3 Qc7 6. Be2 Nf6 7. O-O Be7 8.
Be3 O-O 9. f4 d6 10. Kh1 Nxd4 11. Qxd4 b6 12. f5 Bb7 13. fxe6 fxe6 14. Qc4 Qxc4
15. Bxc4 d5 16. exd5 Nxd5 17. Nxd5 1/2-1/2

[Event "Ukraine Men`s Final - 2015					"]
[Site "Lviv"]
[Date "2015.12.06"]
[Round "4.1"]
[White "Zubarev, Alexander"]
[Black "Volokitin, Andrei"]
[Result "0-1"]
[WhiteElo "2548"]
[BlackElo "2628"]
[PlyCount "62"]
[EventDate "2015.12.03"]

1. Nf3 Nf6 2. c4 c5 3. Nc3 d5 4. cxd5 Nxd5 5. g3 Nc6 6. Bg2 Nc7 7. O-O e5 8. a3
Rb8 9. Rb1 f6 10. d3 Be7 11. Be3 Be6 12. Nd2 Nd5 13. Nxd5 Bxd5 14. Qc2 Bxg2 15.
Kxg2 Qd5+ 16. f3 b6 17. b4 cxb4 18. Rfc1 Rc8 19. axb4 Kf7 20. Qa4 b5 21. Qa6
Nxb4 22. Qxa7 Ra8 23. Qc7 Rhc8 24. Qxc8 Rxc8 25. Rxc8 Qa2 26. Rxb4 Bxb4 27.
Rc7+ Kg6 28. Ne4 Qxe2+ 29. Bf2 Be1 30. g4 b4 31. Rb7 Qc2 0-1

[Event "Ukraine Men`s Final - 2015					"]
[Site "Lviv"]
[Date "2015.12.06"]
[Round "4.2"]
[White "Sivuk, Vitaly"]
[Black "Kravtsiv, Martyn"]
[Result "1/2-1/2"]
[WhiteElo "2552"]
[BlackElo "2623"]
[PlyCount "65"]
[EventDate "2015.12.03"]

1. Nf3 Nf6 2. g3 e6 3. Bg2 d5 4. O-O Be7 5. d3 O-O 6. Nbd2 Nc6 7. e4 dxe4 8.
dxe4 e5 9. Qe2 Nd4 10. Nxd4 Qxd4 11. c3 Qd6 12. Nc4 Qa6 13. Re1 Rd8 14. Bd2 Ng4
15. b4 b6 16. Bf1 Be6 17. Red1 c5 18. f3 cxb4 19. fxg4 bxc3 20. Be3 Rxd1 21.
Rxd1 Rc8 22. Nxe5 c2 23. Rd8+ Rxd8 24. Qxa6 Bc5 25. Bxc5 c1=Q 26. Bf2 h6 27. h3
Rd1 28. Kg2 Rd2 29. Qxa7 Rxf2+ 30. Kxf2 Qc5+ 31. Kf3 Qxe5 32. Qxb6 Bxa2 33. Qe3
1/2-1/2

[Event "Ukraine Men`s Final - 2015					"]
[Site "Lviv"]
[Date "2015.12.06"]
[Round "4.3"]
[White "Fedorchuk, Sergey A"]
[Black "Kryvoruchko, Yuriy"]
[Result "1-0"]
[WhiteElo "2641"]
[BlackElo "2711"]
[PlyCount "75"]
[EventDate "2015.12.03"]

1. e4 e5 2. Nf3 Nc6 3. Bb5 Nf6 4. d3 Bc5 5. O-O d6 6. c3 O-O 7. Be3 Bxe3 8.
fxe3 Ne7 9. Nbd2 Ng6 10. Qe1 c6 11. Ba4 d5 12. exd5 cxd5 13. Kh1 Bd7 14. Bxd7
Qxd7 15. d4 Rfe8 16. Qg3 exd4 17. Nxd4 Re5 18. Rf3 h5 19. Raf1 h4 20. Qf2 Rae8
21. h3 Rh5 22. Nf5 Ne5 23. Nxg7 Nxf3 24. Nxe8 Nxe8 25. Qxf3 Rh6 26. Qf4 Qe6 27.
Nf3 Kf8 28. Nxh4 Nd6 29. Nf3 Rh5 30. Nd4 Qg6 31. Kh2 Ke7 32. Rf3 Qh7 33. g4 Rh6
34. Qe5+ Kd7 35. Qxd5 Qd3 36. Rxf7+ Ke8 37. Re7+ Kxe7 38. Nf5+ 1-0

[Event "Ukraine Men`s Final - 2015					"]
[Site "Lviv"]
[Date "2015.12.06"]
[Round "4.5"]
[White "Kovchan, Alexander"]
[Black "Kuzubov, Yuriy"]
[Result "1/2-1/2"]
[WhiteElo "2583"]
[BlackElo "2640"]
[PlyCount "23"]
[EventDate "2015.12.03"]

1. e4 e5 2. Nf3 Nc6 3. Nc3 Nf6 4. d4 exd4 5. Nxd4 Bb4 6. Nxc6 bxc6 7. Bd3 d5 8.
exd5 cxd5 9. O-O O-O 10. h3 c6 11. Qf3 Rb8 12. Bf4 $11 1/2-1/2

[Event "Ukraine Men`s Final - 2015					"]
[Site "Lviv"]
[Date "2015.12.06"]
[Round "4.6"]
[White "Efimenko, Zahar"]
[Black "Areshchenko, Alexander"]
[Result "1/2-1/2"]
[WhiteElo "2647"]
[BlackElo "2677"]
[PlyCount "39"]
[EventDate "2015.12.03"]

1. d4 Nf6 2. c4 g6 3. Nf3 Bg7 4. g3 c6 5. Bg2 d5 6. O-O O-O 7. b3 dxc4 8. bxc4
c5 9. Bb2 cxd4 10. Nxd4 Qb6 11. Qc1 Bd7 12. Nd2 Nc6 13. c5 Qc7 14. Nc4 Nxd4 15.
Bxd4 Bc6 16. Bxc6 Qxc6 17. Rb1 b6 18. cxb6 axb6 19. Nxb6 Qxc1 20. Rfxc1 $11
1/2-1/2

[Event "Ukraine Men`s Final - 2015					"]
[Site "Lviv"]
[Date "2015.12.07"]
[Round "5.1"]
[White "Areshchenko, Alexander"]
[Black "Zubarev, Alexander"]
[Result "1/2-1/2"]
[WhiteElo "2677"]
[BlackElo "2548"]
[PlyCount "83"]
[EventDate "2015.12.03"]

1. e4 e5 2. Nf3 Nc6 3. Bb5 a6 4. Ba4 Nf6 5. O-O Nxe4 6. d4 b5 7. Bb3 d5 8. dxe5
Be6 9. c3 Bc5 10. Nbd2 O-O 11. Bc2 Nxf2 12. Rxf2 f6 13. exf6 Bxf2+ 14. Kxf2
Qxf6 15. Nf1 Ne5 16. Kg1 Nxf3+ 17. Qxf3 Qxf3 18. gxf3 Rxf3 19. Bg5 Bh3 20. Nd2
Rf7 21. Re1 Raf8 22. Be3 Re7 23. Bf2 Rxe1+ 24. Bxe1 Re8 25. Kf2 Bg4 26. Bd3 g5
27. Nb3 Kf7 28. Nc5 Bc8 29. Bd2 Kf6 30. a4 bxa4 31. Be3 h6 32. Bc2 Ke5 33. Nd3+
Ke4 34. Bd4 Kf5 35. Bxa4 Rf8 36. Bc2 Ke6+ 37. Ke2 a5 38. Bc5 Rf7 39. Ke3 Rf1
40. Nf2 Ba6 41. Bd1 Kf5 42. Bc2+ $11 1/2-1/2

[Event "Ukraine Men`s Final - 2015					"]
[Site "Lviv"]
[Date "2015.12.07"]
[Round "5.2"]
[White "Kuzubov, Yuriy"]
[Black "Efimenko, Zahar"]
[Result "0-1"]
[WhiteElo "2640"]
[BlackElo "2647"]
[PlyCount "92"]
[EventDate "2015.12.03"]

1. Nf3 d5 2. d4 Nf6 3. c4 e6 4. Nc3 Nbd7 5. cxd5 exd5 6. Qc2 Bb4 7. a3 Bxc3+ 8.
bxc3 c5 9. e3 O-O 10. Be2 Qc7 11. O-O b6 12. a4 Re8 13. a5 Bb7 14. Bb2 Rac8 15.
axb6 axb6 16. Rfb1 Ne4 17. Bd3 h6 18. Ra7 Qb8 19. Qa4 Bc6 20. Qa2 c4 21. Bxe4
dxe4 22. Nd2 Nf6 23. h3 b5 24. Qa5 Qd6 25. Ba3 Qe6 26. Bc5 Ra8 27. Rxb5 Rxa7
28. Bxa7 Bxb5 29. Qxb5 Ra8 30. Bc5 Ra1+ 31. Kh2 Ra2 32. Nxc4 Rxf2 33. Bd6 Nd5
34. Bg3 Rc2 35. Be1 Qg6 36. Bd2 Nxe3 37. Nxe3 Rxd2 38. c4 Qd6+ 39. Kh1 Rxd4 40.
Qe8+ Qf8 41. Qe5 Rd8 42. Qxe4 Re8 43. Qd3 Qc5 44. Nd5 Re1+ 45. Kh2 Qd6+ 46. g3
Qe5 0-1

[Event "Ukraine Men`s Final - 2015					"]
[Site "Lviv"]
[Date "2015.12.07"]
[Round "5.4"]
[White "Kryvoruchko, Yuriy"]
[Black "Neverov, Valeriy"]
[Result "1/2-1/2"]
[WhiteElo "2711"]
[BlackElo "2516"]
[PlyCount "216"]
[EventDate "2015.12.03"]

1. e4 c5 2. Nf3 d6 3. d4 cxd4 4. Nxd4 Nf6 5. Nc3 a6 6. g3 Nc6 7. Bg2 Bg4 8.
Nde2 g6 9. h3 Bxe2 10. Qxe2 Bg7 11. O-O O-O 12. Nd5 Rc8 13. c3 Nxd5 14. exd5
Ne5 15. Re1 Re8 16. Bg5 h6 17. Bf4 Qc7 18. Be4 b5 19. h4 h5 20. a3 Qb6 21. Be3
Qb7 22. Bd4 Ng4 23. Rad1 Bxd4 24. Rxd4 Rc4 25. Rd2 Rec8 26. Bb1 R8c7 27. Ba2
R4c5 28. Rd4 Nf6 29. Qd2 Kg7 30. f3 a5 31. Bb3 Qc8 32. Kg2 Rb7 33. Re3 Rbc7 34.
Qd1 Qh8 35. Qe1 Qd8 36. Ba2 a4 37. Qe2 Kg8 38. Qd3 Qa8 39. Re2 Kg7 40. Kh2 Qc8
41. Qd2 Qb7 42. Kg2 Rc8 43. Rd3 R8c7 44. Kf1 Qc8 45. Kg2 Qb7 46. Re1 Rc8 47.
Rd1 R5c7 48. Re3 Rc5 49. Qd4 Kg8 50. Rd2 R8c7 51. Kh2 Rc8 52. Rd1 R8c7 53. Qd2
Kg7 54. Rd3 Rc8 55. Qf4 Qd7 56. Kg2 Qb7 57. Kf2 Qa7 58. Ke2 Qd7 59. Kd2 Qh3 60.
Kc1 R8c7 61. Kb1 Kg8 62. Ka1 Kg7 63. R3d2 Kg8 64. Re1 Qc8 65. Rg1 Qf5 66. Qxf5
gxf5 67. Rd4 Rc8 68. Re1 Kf8 69. Red1 Kg7 70. Rf4 Kg6 71. Bb1 Rg8 72. g4 hxg4
73. fxg4 Kg7 74. Rxf5 Nd7 75. g5 Rh8 76. Rd4 Ne5 77. Rff4 Ng6 78. Rfe4 Ne5 79.
Re3 Rc4 80. Rh3 f6 81. Rxc4 bxc4 82. gxf6+ exf6 83. Bc2 Rf8 84. Bxa4 f5 85. Bd1
f4 86. Bf3 Kh6 87. Ka2 Nxf3 88. Rxf3 Kh5 89. b3 cxb3+ 90. Kxb3 Kg4 91. Rf1 f3
92. c4 Rb8+ 93. Kc3 Ra8 94. c5 dxc5 95. Kc4 Rxa3 96. d6 Ra8 97. Kxc5 Rd8 98.
Kc6 Rc8+ 99. Kb6 Rc3 100. Rd1 Rb3+ 101. Kc7 Rc3+ 102. Kd8 Kxh4 103. d7 Ra3 104.
Ke7 Ra8 105. d8=Q Rxd8 106. Rxd8 f2 107. Rf8 Kg3 108. Rxf2 Kxf2 1/2-1/2

[Event "Ukraine Men`s Final - 2015					"]
[Site "Lviv"]
[Date "2015.12.07"]
[Round "5.5"]
[White "Kravtsiv, Martyn"]
[Black "Fedorchuk, Sergey A"]
[Result "1-0"]
[WhiteElo "2623"]
[BlackElo "2641"]
[PlyCount "71"]
[EventDate "2015.12.03"]

1. e4 c5 2. Nf3 Nc6 3. d4 cxd4 4. Nxd4 Qb6 5. Nb3 Nf6 6. Nc3 e6 7. Bd3 d6 8.
Be3 Qc7 9. f4 a6 10. Qf3 Be7 11. O-O-O Nb4 12. g4 b5 13. Kb1 Nd7 14. Rhf1 Nxd3
15. cxd3 b4 16. Ne2 a5 17. Rc1 Qb7 18. Nd2 O-O 19. g5 Qa6 20. Bg1 a4 21. h4 Bd8
22. h5 e5 23. Nc4 exf4 24. Nxf4 Bxg5 25. Nd5 Ne5 26. Qg3 Bxc1 27. Rxc1 Be6 28.
h6 g6 29. Qg5 f6 30. Nxf6+ Kh8 31. Nxe5 Bxa2+ 32. Kxa2 b3+ 33. Ka3 dxe5 34.
Qxe5 Rxf6 35. Bd4 Raf8 36. Qe7 1-0

[Event "Ukraine Men`s Final - 2015					"]
[Site "Lviv"]
[Date "2015.12.07"]
[Round "5.6"]
[White "Volokitin, Andrei"]
[Black "Sivuk, Vitaly"]
[Result "1/2-1/2"]
[WhiteElo "2628"]
[BlackElo "2552"]
[PlyCount "106"]
[EventDate "2015.12.03"]

1. e4 e6 2. d4 d5 3. Nc3 Bb4 4. e5 c5 5. a3 Bxc3+ 6. bxc3 Qc7 7. Qg4 f5 8. Qg3
Nc6 9. Nf3 cxd4 10. cxd4 Nge7 11. Bd2 O-O 12. Bd3 Bd7 13. O-O Be8 14. Qh3 Bg6
15. a4 Qd7 16. a5 h6 17. Rfb1 Rac8 18. Rb2 Rc7 19. Bb5 a6 20. Bd3 Rfc8 21. c3
Na7 22. Ne1 f4 23. Rb6 Rc6 24. Bxg6 Nxg6 25. Nd3 Qf7 26. Nb4 Rxb6 27. axb6 Nb5
28. Nxd5 Rd8 29. Nc7 Nxc7 30. bxc7 Rc8 31. d5 Rxc7 32. dxe6 Qe8 33. Qf5 Rc6 34.
Bxf4 Qxe6 35. Qxe6+ Rxe6 36. g3 Nxe5 37. Rb1 b5 38. Bxe5 Rxe5 39. c4 bxc4 40.
Rb8+ Kf7 41. Rc8 Ke6 42. Rxc4 Kd5 43. Rc7 g6 44. f4 Re6 45. Kf2 h5 46. g4 hxg4
47. Kg3 Rc6 48. Ra7 Kc5 49. Kxg4 Kb6 50. Ra8 Kb7 51. Rg8 a5 52. f5 gxf5+ 53.
Kxf5 Rh6 1/2-1/2